000 00518nam a2200217Ia 4500
003 OSt
005 20220923230714.0
006 a|||||r|||| 00| 0
007 ta
008 Pun
024 _a304,922
037 _cTextual
040 _aARTS
_cARTS
_bPun
041 _2Pun
_aPun
082 _aS:7, 153J3
100 _aਮਹਿਤਾਬ ਸਿੰਘ
245 0 _aਸੱਚੀ ਲਿਵ
260 _c1953
942 _hS:7, 153J3
_cTEXL
_2CC
999 _c386729
_d386729